| 000 | 00380nam a2200157Ia 4500 | ||
|---|---|---|---|
| 003 | LK-CoDNM | ||
| 008 | 010623t1846 xxu||||| |||| 00| 1 eng d | ||
| 040 |
_aLK-CoDNM _dLK-CoDNM _eLK-CoDNM |
||
| 041 | _aeng | ||
| 080 | _a24 O 24 | ||
| 100 | _aHardy,R.S. | ||
| 245 | _aOn the Language and Literature of the Singhalese | ||
| 260 |
_b? _c1846 |
||
| 300 | _b5p., 20 cm | ||
| 942 | _cBK | ||
| 999 |
_c81240 _d81240 |
||